02469cam a2200325 a 4500001001300000003000400013005001700017008004100034010003100075040001300106041001300119043003000132050001900162245020500181260006500386300003500451490005500486546003300541500008800574504009500662504004100757505106700798650002501865700001601890700001801906700002601924710006401950730009202014830003702106unk83073744 DLC20260227112801.0861002s1968 ii a b 010 0 eng  aunk83073744 zsa 68008292  aDLCcDLC1 aenghsan aaz-----aae-----aac-----00aPJ26b.V5 196800aStudies in South, East, and Central Asia :bpresented as a memorial volume to the late Professor Raghu Vira /cby members of the Permanent International Altaistic Conference and edited by Denis Sinor. aNew Delhi :bInternational Academy of Indian Culture,c1968. axxxi, 276 p. :bill. ;c29 cm.1 aŚata-piṭaka series ;vv. 74 =aŚatapiṭakam aEnglish, French, and German. aTranslation (from Sanskrit) of the Daśabhūmīśvara, by M. Honda: p. 115-276. a"Bibliography ... [of] important books and articles of Professor Raghu Vira": p. xix-xxxi. aIncludes bibliographical references.0 aProfessor Raghu Vira, a vast sweep of vision / by S.K. Chatterji -- Prof. Raghu Vira, the Vedisant / by N. Tsuji -- Prof. Raghu Vira and Mongolian studies / by N. Poppe -- Bibliography -- Conditionals in Buddhist Sanskrit / by P. Aalto -- Recherches sur les principes légaux des traités internationaux des T'ang / par F.A. Bischoff -- Bruchstücke einer buddhistischen Schrift über die Sündenfolgen aus den mongolischen Turfan-Fragmenten / von H. Franke -- A rare Mongolian Bodhicaryāvatāra-ms. in New Delhi / by W. Heissig -- Die tibetischen Lehnworte im Kalmückischen / von J.R. Krueger -- Über die Worte ǰigur-e (h)Ag̳ulg̳an in dem Brief des Ilkhan Arg̳un / von S. Murayama -- On the quotations of ritualistic teachers in the Śrautasūtras of Lāṭyāyana and Drāhyayāṇa / by A. Parpola -- Über ein weltich-geistliches Disziplinarverfahren in der Khalkha-Mongolei, 1869, von K. Sagaster -- Some remarks on Manchu poetry / by D. Sinor -- Annotated translation of the Daśabhūmika-sūtra / by M. Honda, rev. by J. Rahder. 0aBuddhist literature.0 aRaghu Vira.1 aSinor, Denis.1 aHonda, Megumu,d1930-2 aPermanent International Altaistic Conference (Organization)02aTripiṭaka.pSūtrapiṭaka.pAvataṃsakasūtra.pDaśabhūmikasūtra.lEnglish. 0aŚata-piṭaka series ;vv. 74.